Detalles MARC
| 000 -LEADER |
| fixed length control field |
02023nam a2200313 a 4500 |
| 001 - CONTROL NUMBER |
| control field |
000000312 |
| 003 - CONTROL NUMBER IDENTIFIER |
| control field |
DO-SdBNP |
| 005 - DATE AND TIME OF LATEST TRANSACTION |
| control field |
20210415135659.0 |
| 007 - PHYSICAL DESCRIPTION FIXED FIELD--GENERAL INFORMATION |
| fixed length control field |
000000312 |
| 008 - FIXED-LENGTH DATA ELEMENTS--GENERAL INFORMATION |
| fixed length control field |
081112s2007 dr a 001 0 spa d |
| 020 ## - INTERNATIONAL STANDARD BOOK NUMBER |
| International Standard Book Number |
8495193019 |
| 040 ## - CATALOGING SOURCE |
| Original cataloging agency |
BPMET |
| Language of cataloging |
spa |
| Transcribing agency |
BPMET |
| 092 ## - LOCALLY ASSIGNED DEWEY CALL NUMBER (OCLC) |
| Classification number |
301 |
| Item number |
D663i, 2007 |
| 100 1# - MAIN ENTRY--PERSONAL NAME |
| Personal name |
D'Oleo, Frank |
| 245 10 - TITLE STATEMENT |
| Title |
Introducción a la sociología : |
| Remainder of title |
teoría y práctica aplicada a la sociedad dominicana / |
| Statement of responsibility, etc. |
Frank D'Oleo ; prólogo Danilo P. Climé. |
| 246 14 - VARYING FORM OF TITLE |
| Title proper/short title |
Introducción a la sociología |
| 250 ## - EDITION STATEMENT |
| Edition statement |
7a ed. |
| 260 ## - PUBLICATION, DISTRIBUTION, ETC. (IMPRINT) |
| Place of publication, distribution, etc. |
Santo Domingo : |
| Name of publisher, distributor, etc. |
Búho, |
| Date of publication, distribution, etc. |
2007. |
| 300 ## - PHYSICAL DESCRIPTION |
| Extent |
253 p. : |
| Other physical details |
il. ; |
| Dimensions |
21 cm. |
| 500 ## - GENERAL NOTE |
| General note |
Incluye glosario |
| 500 ## - GENERAL NOTE |
| General note |
Incluye referencias bibliográficas y notas al pie de las páginas |
| 504 ## - BIBLIOGRAPHY, ETC. NOTE |
| Bibliography, etc |
Bibliografía p. : 251-253 |
| 505 0# - FORMATTED CONTENTS NOTE |
| Title |
Prólogo - |
| -- |
Introducción -- |
| Miscellaneous information |
Primera parte -- |
| Title |
Sociología: raíces, objeto y carácter científico -- |
| -- |
El origen de la sociología -- |
| -- |
Los padres fundadores de la sociología -- |
| -- |
Objeto de estudio de la sociología -- |
| -- |
La ciencia y la sociología -- |
| Miscellaneous information |
Segunda parte -- |
| Title |
Teorías sociológicas y método de investigación social -- |
| -- |
La teoría funcionalista de la sociología -- |
| -- |
La teoría marxista de la sociología -- |
| -- |
La teoría positivista de la sociología y la objetividad de las ciencias sociales |
| -- |
La teoría sociológica del consenso y del conflicto social -- |
| -- |
Métodos de investigación sociológica -- |
| Miscellaneous information |
Tercera parte -- |
| Title |
La sociología: estructura, dinámica, socialización e interacción social aplicada -- |
| -- |
El proceso de socialización y la personalidad -- |
| -- |
La cultura -- |
| -- |
Las instituciones sociales -- |
| -- |
Las agrupaciones sociales -- |
| -- |
Modos de producción: evolución histórica y caracterización económico-social -- |
| -- |
Clases sociales y estratificación social -- |
| -- |
Desigualdad social y pobreza -- |
| -- |
Glosario -- |
| -- |
Bibliografía. |
| 650 #4 - SUBJECT ADDED ENTRY--TOPICAL TERM |
| Topical term or geographic name as entry element |
SOCIOLOGÍA |
| 650 #4 - SUBJECT ADDED ENTRY--TOPICAL TERM |
| Topical term or geographic name as entry element |
CLASES SOCIALES |
| 700 12 - ADDED ENTRY--PERSONAL NAME |
| Personal name |
Climé, Danilo P., |
| Relator term |
pról. |
| 910 ## - USER-OPTION DATA (OCLC) |
| User-option data |
Validado. Control de calidad BNPHU |
| 942 ## - ADDED ENTRY ELEMENTS (KOHA) |
| Source of classification or shelving scheme |
Dewey Decimal Classification |
| Koha item type |
Libros |